Como funcionam as coisas (Registo nº 4429)

Detalhes MARC
000 -Etiqueta do registo
Cabeçalho 00731nam a2200253 i 4500
005 - Identificador da versão
Campo de controlo 20240813122101.0
010 ## - Número internacional normalizado dos livros (ISBN)
Número (ISBN) 9727300472
035 ## - Other System Control Numbers
System Control Number CMPEN_BC_151.iso/08-07-2009/10635
System Control Number 2195004
100 ## - Dados gerais de processamento
Dados gerais de processamento 19970402d1994 a y0pory5003 ba
102 ## - Pais de publicação ou produção
País de publicação Portugal
101 1# - Língua de publicação
Língua do texto, banda sonora, etc. Português
Língua do documento no original Inglês
215 ## - Descrição física 
Indicação específica da natureza do documento e extensão da espécie 87p
Outras indicações físicas il
Dimensões 31cm
200 1# - Titulo e menção de responsabilidade
Título próprio Como funcionam as coisas
Primeira menção de responsabilidade direcção editorial de Rogério Moreira
Outras menções de responsabilidade tradução de Cristina Soeiro
225 1# - Colecção 
Título próprio da colecção A Minha Primeira Biblioteca
Indicação de volume 12
210 ## - Publicação, Distribuição, etc. 
Lugar da edição, distribuição, etc. [Estoril]
Nome do editor, distribuidor, etc. Marus
Data da publicação, distribuição, etc. [D.L.1994]
300 ## - Notas gerais 
Texto da nota obra repetida
675 ## - Classificação Decimal Universal (CDU)
Notação 62(08)
Edição 2
Língua da edição por
702 #1 - Nome de autor-pessoa física (responsabilidade secundária)
Número de registo de entrada de autoridade 0000663
Palavra de ordem Soeiro
Outra parte do nome não tomada para palavra de ordem Cristina
Código de função Tradutor
966 ## - Identificação da Biblioteca
Sigla EBVendas
942 ## - Elementos de entrada adicionados (Koha)
Tipo de item no Koha Livro
Exemplares
Situação do levantamento Origin of item (home branch) (coded) Biblioteca de empréstimo Código de barras Cota Circulation type (not for loan) Tipo de documento Nota do exemplar Damaged status
  Biblioteca Escolar das Vendas Biblioteca Escolar das Vendas BEV1070 0 MIN   Livro Sem mensagem